<?xml version="1.0" encoding="UTF-8"?>
<record
    xmlns:xsi="http://www.w3.org/2001/XMLSchema-instance"
    xsi:schemaLocation="http://www.loc.gov/MARC21/slim http://www.loc.gov/standards/marcxml/schema/MARC21slim.xsd"
    xmlns="http://www.loc.gov/MARC21/slim">

  <leader>01240    a2200241   4500</leader>
  <datafield tag="999" ind1=" " ind2=" ">
    <subfield code="c">1566</subfield>
    <subfield code="d">1566</subfield>
  </datafield>
  <controlfield tag="005">20181105130324.0</controlfield>
  <datafield tag="010" ind1=" " ind2=" ">
    <subfield code="a">HIN-79320     B-283498</subfield>
  </datafield>
  <datafield tag="020" ind1=" " ind2=" ">
    <subfield code="c">175.00</subfield>
    <subfield code="a">8190225693</subfield>
  </datafield>
  <datafield tag="035" ind1=" " ind2=" ">
    <subfield code="a">HN-51666     B-283498    B-246048</subfield>
  </datafield>
  <datafield tag="037" ind1=" " ind2=" ">
    <subfield code="b">D.B.Act / ven</subfield>
  </datafield>
  <datafield tag="082" ind1=" " ind2=" ">
    <subfield code="a">827</subfield>
  </datafield>
  <datafield tag="245" ind1=" " ind2=" ">
    <subfield code="a">&#x92B;&#x93F;&#x930; &#x91C;&#x94B;&#x921;&#x93C; &#x924;&#x94B;&#x921;&#x93C;</subfield>
    <subfield code="c">&#x938;&#x902;&#x92A;&#x93E;&#x926;&#x915; &#x936;&#x94C;&#x915;&#x924; &#x925;&#x93E;&#x928;&#x935;&#x940;</subfield>
  </datafield>
  <datafield tag="246" ind1=" " ind2=" ">
    <subfield code="a">Fir jor tor</subfield>
  </datafield>
  <datafield tag="260" ind1=" " ind2=" ">
    <subfield code="a">&#x926;&#x93F;&#x932;&#x94D;&#x932;&#x940;</subfield>
    <subfield code="b">&#x930;&#x93E;&#x901;&#x92F;&#x932; &#x92C;&#x941;&#x915;&#x94D;&#x938;</subfield>
    <subfield code="c">2007</subfield>
  </datafield>
  <datafield tag="260" ind1=" " ind2=" ">
    <subfield code="a">&#x926;&#x93F;&#x932;&#x94D;&#x932;&#x940;(&#x935;&#x93F;&#x924;&#x930;&#x915;)&#x926;&#x93F;&#x932;&#x94D;&#x932;&#x940; &#x92A;&#x941;&#x938;&#x94D;&#x924;&#x915; &#x938;&#x926;&#x928;</subfield>
  </datafield>
  <datafield tag="270" ind1=" " ind2=" ">
    <subfield code="a">&#x938;&#x940;-9/96, &#x92F;&#x92E;&#x941;&#x928;&#x93E; &#x935;&#x93F;&#x939;&#x93E;&#x930;</subfield>
    <subfield code="b">&#x926;&#x93F;&#x932;&#x94D;&#x932;&#x940;</subfield>
    <subfield code="e">110053</subfield>
  </datafield>
  <datafield tag="270" ind1=" " ind2=" ">
    <subfield code="a">30/36,&#x917;&#x932;&#x940; &#x928;&#x902;.9,&#x935;&#x93F;&#x936;&#x94D;&#x935;&#x93E;&#x938; &#x928;&#x917;&#x930;, &#x936;&#x93E;&#x939;&#x926;&#x930;&#x93E;</subfield>
  </datafield>
  <datafield tag="300" ind1=" " ind2=" ">
    <subfield code="a">160&#x92A;&#x943;</subfield>
    <subfield code="c">22 &#x938;&#x947;&#x92E;&#x940; (&#x938;&#x91C;&#x93F;&#x932;&#x94D;&#x926;)</subfield>
  </datafield>
  <datafield tag="650" ind1=" " ind2=" ">
    <subfield code="a">&#x928;&#x93E;&#x91F;&#x915;</subfield>
  </datafield>
  <datafield tag="700" ind1=" " ind2=" ">
    <subfield code="a">&#x925;&#x93E;&#x928;&#x935;&#x940;, &#x936;&#x94C;&#x915;&#x924;</subfield>
  </datafield>
  <datafield tag="942" ind1=" " ind2=" ">
    <subfield code="a">dpl</subfield>
    <subfield code="c">HN</subfield>
    <subfield code="k">827 / &#x92B;&#x93F;&#x930;&#x91C;&#x94B;</subfield>
    <subfield code="2">ddc</subfield>
    <subfield code="h">827</subfield>
    <subfield code="m"> &#x92B;&#x93F;&#x930;&#x91C;&#x94B;</subfield>
  </datafield>
  <datafield tag="952" ind1=" " ind2=" ">
    <subfield code="0">0</subfield>
    <subfield code="1">0</subfield>
    <subfield code="4">0</subfield>
    <subfield code="7">0</subfield>
    <subfield code="a">DBAD</subfield>
    <subfield code="b">DBAD</subfield>
    <subfield code="d">2008-09-09</subfield>
    <subfield code="g">175.00</subfield>
    <subfield code="l">0</subfield>
    <subfield code="o">827  &#x92B;&#x93F;&#x930;&#x91C;&#x94B;</subfield>
    <subfield code="p">HN-51666</subfield>
    <subfield code="r">2008-09-15 00:00:00</subfield>
    <subfield code="t">1</subfield>
    <subfield code="u">1645</subfield>
    <subfield code="v">175.00</subfield>
    <subfield code="w">2008-09-15</subfield>
    <subfield code="y">HN</subfield>
  </datafield>
  <datafield tag="952" ind1=" " ind2=" ">
    <subfield code="0">0</subfield>
    <subfield code="1">0</subfield>
    <subfield code="2">ddc</subfield>
    <subfield code="4">0</subfield>
    <subfield code="7">0</subfield>
    <subfield code="8">NFIC</subfield>
    <subfield code="a">VP</subfield>
    <subfield code="b">VP</subfield>
    <subfield code="d">2008-09-24</subfield>
    <subfield code="e">&#x926;&#x93F;.&#x92A;&#x941;.&#x938;&#x926;&#x928;/080/28.7.08/105/15.7.08/29.7.08</subfield>
    <subfield code="g">175.00</subfield>
    <subfield code="l">4</subfield>
    <subfield code="o">827  &#x92B;&#x93F;&#x930;&#x91C;&#x94B;</subfield>
    <subfield code="p">B-283498</subfield>
    <subfield code="r">2012-05-15 00:00:00</subfield>
    <subfield code="s">2012-05-01</subfield>
    <subfield code="t">1</subfield>
    <subfield code="v">175.00</subfield>
    <subfield code="w">2008-09-24</subfield>
    <subfield code="y">HN</subfield>
  </datafield>
  <datafield tag="952" ind1=" " ind2=" ">
    <subfield code="0">0</subfield>
    <subfield code="1">0</subfield>
    <subfield code="4">0</subfield>
    <subfield code="7">0</subfield>
    <subfield code="8">NFIC</subfield>
    <subfield code="a">RC</subfield>
    <subfield code="b">RC</subfield>
    <subfield code="d">2018-11-05</subfield>
    <subfield code="g">175.00</subfield>
    <subfield code="l">0</subfield>
    <subfield code="o">827  &#x92B;&#x93F;&#x930;&#x91C;&#x94B;</subfield>
    <subfield code="p">B-246048</subfield>
    <subfield code="r">2018-11-05 00:00:00</subfield>
    <subfield code="v">175.00</subfield>
    <subfield code="w">2018-11-05</subfield>
    <subfield code="y">HN</subfield>
  </datafield>
</record>
